2001 population census thematic report - older persons

Enregistré dans:
Détails bibliographiques
Format: Livre
Langue:anglais
Chinois
Publié: Hongkong Census and Statistics Department 2002
Sujets:
Tags: Ajouter un tag
Pas de tags, Soyez le premier à ajouter un tag!

MARC

LEADER 00000nam a2200000 4500
001 c142191
005 20221124093433.6
041 0 |a eng 
041 0 |a chi 
044 |a HK 
245 1 0 |a 2001 population census  |b thematic report - older persons 
264 1 |a Hongkong  |b Census and Statistics Department  |c 2002 
300 |a 83 s. 
610 2 0 |a demografia 
610 2 0 |a sčítanie ľudu 
610 2 0 |a populácia 
610 2 0 |a vek postproduktívny 
610 2 0 |a údaje štatistické 
610 2 0 |a tabuľky štatistické 
610 2 0 |a Hongkong 
610 2 0 |a 2001